<?xml version="1.0" encoding="UTF-8"?>
<collection xmlns:xsi="http://www.w3.org/2001/XMLSchema-instance" xsi:schemaLocation="http://www.loc.gov/MARC21/slim http://www.loc.gov/standards/marcxml/schema/MARC21slim.xsd" xmlns="http://www.loc.gov/MARC21/slim">
 <record>
  <leader>00000nam a22000004a 4500</leader>
  <controlfield tag="001">UP-1685954869149716561</controlfield>
  <controlfield tag="003">Buklod</controlfield>
  <controlfield tag="005">20240319102710.0</controlfield>
  <controlfield tag="006">m    |o  d |      </controlfield>
  <controlfield tag="007">ta</controlfield>
  <controlfield tag="008">240305s2018    ph    a r   m 0|0 u|eng d</controlfield>
  <datafield tag="040" ind1=" " ind2=" ">
   <subfield code="a">DCFA</subfield>
   <subfield code="e">rda</subfield>
  </datafield>
  <datafield tag="041" ind1=" " ind2=" ">
   <subfield code="a">eng</subfield>
  </datafield>
  <datafield tag="090" ind1="0" ind2="0">
   <subfield code="a">LG 993.5 2018 F4</subfield>
   <subfield code="b">A73</subfield>
  </datafield>
  <datafield tag="100" ind1="1" ind2=" ">
   <subfield code="a">Arceo, Klaudine Paola C.</subfield>
   <subfield code="e">author</subfield>
  </datafield>
  <datafield tag="245" ind1="1" ind2="0">
   <subfield code="a">&quot;Dear Alex&quot;</subfield>
   <subfield code="b">an online interactive digital comic about autism</subfield>
   <subfield code="c">Klaudine Paola C. Arceo ; Romanlito S. Austria, adviser.</subfield>
  </datafield>
  <datafield tag="264" ind1=" " ind2="0">
   <subfield code="a">Quezon City</subfield>
   <subfield code="b">College of Fine Arts, University of the Philippines Diliman</subfield>
   <subfield code="c">2018</subfield>
  </datafield>
  <datafield tag="300" ind1=" " ind2=" ">
   <subfield code="a">v, 109 leaves</subfield>
   <subfield code="b">color illustrations</subfield>
   <subfield code="c">28 cm.</subfield>
   <subfield code="e">CD-ROM (4 3/3 in.)</subfield>
  </datafield>
  <datafield tag="336" ind1=" " ind2=" ">
   <subfield code="a">text</subfield>
   <subfield code="2">rdacontent</subfield>
  </datafield>
  <datafield tag="337" ind1=" " ind2=" ">
   <subfield code="a">unmediated</subfield>
   <subfield code="2">rdamedia</subfield>
  </datafield>
  <datafield tag="338" ind1=" " ind2=" ">
   <subfield code="a">volume</subfield>
   <subfield code="2">rdacarrier</subfield>
  </datafield>
  <datafield tag="502" ind1=" " ind2=" ">
   <subfield code="a">Thesis (Bachelor of Fine Arts in Visual Communication)--University of the Philippines Diliman</subfield>
   <subfield code="d">June 2018</subfield>
  </datafield>
  <datafield tag="504" ind1=" " ind2=" ">
   <subfield code="a">Bibliography: leaves 67-74</subfield>
  </datafield>
  <datafield tag="506" ind1="0" ind2=" ">
   <subfield code="a">Thesis Classification: I, C - This thesis is not available to the public. Please ask the library for assistance</subfield>
  </datafield>
  <datafield tag="520" ind1="3" ind2=" ">
   <subfield code="a">Autism is a social disorder that was first identified by Leo Kanner. Autism is a growing disorder in the world today and even though there is more information about the disorder, researchers are still unable to truly uncover what causes autism. For people diagnosed with autism, they have trouble in socializing with others, and the severity of their autism determines how they interact with others. In the diagnosis of a person with autism, there is a behavioral checklist that doctors look out for. According to the World Health Organization (WHO), autism becomes evident on children from ages 5 or below. There are number of social behaviors that can be identified as autism and the American Psychiatric Association has determined that autism is a spectrum and a number of traits can be seen in the Autism Spectrum Disorder (ASD) umbrella such as asperger syndrome.&#13;
&#13;
Autism is more well-known now than it was in the past. However, there is still misunderstanding about the disorder and it may lead to the hindering of an autistic person's growth and be subject to some discrimination. In the Philippines, there are schools or centers that help support families with autistic relatives and help them get through life. In my research for this study, I have found that comics is one way to effectively share stories and in recent years, the style of Japanese comics, commonly known as manga and animation known as anime have become popular that it has become a common style found in local comics today such as Black Ink Publishing and other independent comics. With the use of current technology and more prominent use of social media, spreading information has been easier. Developing a digital comic about autism may be able to build curiosity from people to know more about autism through a story narrative.</subfield>
  </datafield>
  <datafield tag="650" ind1=" " ind2="0">
   <subfield code="a">Autism.</subfield>
  </datafield>
  <datafield tag="650" ind1=" " ind2="0">
   <subfield code="a">Autism </subfield>
   <subfield code="x">Webcomics.</subfield>
  </datafield>
  <datafield tag="650" ind1=" " ind2="0">
   <subfield code="a">Autism Spectrum Disorder (ASD)</subfield>
  </datafield>
  <datafield tag="700" ind1="1" ind2=" ">
   <subfield code="a">Austria, Romanlito S.</subfield>
   <subfield code="e">adviser.</subfield>
  </datafield>
  <datafield tag="905" ind1=" " ind2=" ">
   <subfield code="a">FI</subfield>
  </datafield>
  <datafield tag="905" ind1=" " ind2=" ">
   <subfield code="a">UP</subfield>
  </datafield>
  <datafield tag="852" ind1="0" ind2=" ">
   <subfield code="a">UPD</subfield>
   <subfield code="b">DCFA</subfield>
   <subfield code="h">LG 993.5 2018 F4</subfield>
   <subfield code="i">A73</subfield>
  </datafield>
  <datafield tag="942" ind1=" " ind2=" ">
   <subfield code="a">Thesis</subfield>
  </datafield>
 </record>
</collection>
